| 000 | 01101nab a2200217 i 4500 | ||
|---|---|---|---|
| 001 | 768714001 | ||
| 003 | CO-MdFUSB | ||
| 005 | 20240509122447.0 | ||
| 008 | 240508t1967 sp ||||| |||| 00| 0 spa d | ||
| 040 |
_bspa _cCO-MdFUSB _dCO-MdFUSB |
||
| 041 | _aspa | ||
| 100 |
_aJolif, Jean-Yves, _eautor |
||
| 245 | 3 |
_aEl ateísmo y la búsqueda de una unión real entre los hombres _c/ Jean-Yves Jolif |
|
| 520 | _aEl humanismo ateo es esta voluntad de comprender al hombre como un ser objetivo, se puede decir que es esencialmente la búsqueda de una unión real entre los hombres, el deseo apasionado de instaurar una forma de relaciones concretas que permita a cada individuo reconocer en la presencia del otro la realidad original e incomparable del ser humano. | ||
| 650 | 7 |
_aHumanismo _97308 |
|
| 650 | 0 |
_aVida espiritual _951 |
|
| 650 | 7 |
_aAteísmo _97096 |
|
| 773 | 0 |
_049450 _982589 _oR2519 _tRevista internacional de teología Concilium _w(CO-MdFUSB)8 _x0210-1041 _gNúmero 29, (noviembre, 1967), páginas: 375 - 385 _qpágina: 375 |
|
| 942 | _cANA | ||
| 945 | _aCatherine Arias Alvarez - Practicante SENA | ||
| 999 |
_c69598 _d69598 |
||